000 00575nam a2200169Ia 4500
005 20260302160847.0
008 260302s9999 xx 000 0 und d
020 _a9780521588140
082 _a338.90941
_bMOR
100 _aMorgan, Kenneth
245 0 _aSlavery, Atlantic Trade and the British Economy, 1660-1800 /
_cMorgan, Kenneth
260 _bCambridge University Press,
_c2000
300 _a140 pages
520 _aThe impact of slavery and Atlantic trade on British economic development between 1660 and 1800.
650 _aBusiness & Economics
942 _cENGLISH
999 _c616573
_d616573